|
|
|
|
| LEADER |
03125nam a22003973i 4500 |
| 001 |
EBC7101383 |
| 003 |
MiAaPQ |
| 005 |
20240729202204.0 |
| 006 |
m o d | |
| 007 |
cr cnu|||||||| |
| 008 |
240729s2014 xx o ||||0 ger d |
| 020 |
|
|
|a 9783428574643
|q (electronic bk.)
|
| 020 |
|
|
|z 9783428174645
|
| 035 |
|
|
|a (MiAaPQ)EBC7101383
|
| 035 |
|
|
|a (Au-PeEL)EBL7101383
|
| 035 |
|
|
|a (OCoLC)1347023321
|
| 040 |
|
|
|a MiAaPQ
|b eng
|e rda
|e pn
|c MiAaPQ
|d MiAaPQ
|
| 100 |
1 |
|
|a Thiel, Hugo.
|
| 245 |
1 |
0 |
|a Einkaufsvereinigungen Auf Dem Lande :
|b Untersuchungen über Konsumvereine. Hrsg. Von Hugo Thiel - Robert Wilbrandt. Monographien Aus Dem Konsumvereinswesen. Zweiter Teil. (Schriften des Vereins Für Sozialpolitik 151-II).
|
| 250 |
|
|
|a 1st ed.
|
| 264 |
|
1 |
|a Berlin :
|b Duncker & Humblot,
|c 2014.
|
| 264 |
|
4 |
|c {copy}1916.
|
| 300 |
|
|
|a 1 online resource (118 pages)
|
| 336 |
|
|
|a text
|b txt
|2 rdacontent
|
| 337 |
|
|
|a computer
|b c
|2 rdamedia
|
| 338 |
|
|
|a online resource
|b cr
|2 rdacarrier
|
| 490 |
1 |
|
|a Duncker and Humblot Reprints Series
|
| 505 |
0 |
|
|a Intro -- Inhalt -- Gemeinsame Bezüge der deutschen Landwirtschaft. Von Dr. Max Grabein Dozent am genossenschaftlichen Seminar der Universität Halle a/S. -- 1. Geschichtliche Entwicklung der gemeinsamen Bezüge der deutschen Landwirtschaft -- 2. Rechtliche und wirtschaftliche Organisation des gemeinsamen Bezuges -- 3. Der Geschäftsbetrieb der Bezugsorganisationen -- 4. Umfang und Art der gemeinschaftlichen Bezüge -- a) Der Umfang der gemeinsamen Bezüge -- b) Die verschiedenen Arten der gemeinsam bezogenen Bedarfsartikel -- 5. Die Zentralisation der gemeinsamen Bezüge -- 6. Der gemeinsame Absatz landwirtschaftlicher Erzeugnisse durch die Bezugsorganisationen -- 7. Wirtschaftliche Vorteile des gemeinsamen Bezuges -- 8. Schlußbemerkung -- Über ländliche Lebensmittel- Konsumvereine. Von N. Feldmann, Bonn -- 1. Konsumverein zu M. -- 2. Landwirtschaftlicher Konsumverein zu W. -- 3. Konsumverein zu E. -- Die Einrichtungen der Verkaufsstelle des Bundes der Landwirte und deren Zwecke und Ziele. Von Dr. Ernst Köhler, Geschäftsführer des Revisronsverbandes des Bundes der Landwirte -- Die Ein- und Verkaufsgenossenschaften des Revisionsverbandes des Bundes der Landwirte und ihre Entwicklung. Von Dr. Ernst Köhler, Geschäftsführer des Revisionsverbandes des Bundes der Landwirte -- Die Konsum- und Spargenossenschaft für Schney und Umgegend. Von Dr. Käthe Gaebel.
|
| 588 |
|
|
|a Description based on publisher supplied metadata and other sources.
|
| 590 |
|
|
|a Electronic reproduction. Ann Arbor, Michigan : ProQuest Ebook Central, 2024. Available via World Wide Web. Access may be limited to ProQuest Ebook Central affiliated libraries.
|
| 655 |
|
4 |
|a Electronic books.
|
| 700 |
1 |
|
|a Wilbrandt, Robert.
|
| 776 |
0 |
8 |
|i Print version:
|a Thiel, Hugo
|t Einkaufsvereinigungen Auf Dem Lande
|d Berlin : Duncker & Humblot,c2014
|z 9783428174645
|
| 797 |
2 |
|
|a ProQuest (Firm)
|
| 830 |
|
0 |
|a Duncker and Humblot Reprints Series
|
| 856 |
4 |
0 |
|u https://ebookcentral.proquest.com/lib/matrademy/detail.action?docID=7101383
|z Click to View
|